000 00471nam a22001817a 4500
003 CEME
005 20210628201841.0
008 210222b xxu||||| |||| 00| 0 eng d
040 _c.
082 _a343.015 MPM'L
100 _aGovt Of Pakistan Defence Ministry
_957101
245 _aManual of pakistan military law vol-1
250 _a2ND REVISED ED
260 _aGOVERNMENT OF PAKISTAN
_c1987
300 _aVOL-1
650 _aMPML VOL-1
_957102
942 _cBK
_2ddc
999 _c567403
_d567403